000
00274nam a2200133Ia 4500
100
_a
Deitel
250
_a
3
942
_c
BK
654
_a
internet
245
_a
Internet and World Wide Web
260
_b
Pearson Education
_c
2004
082
_a
4.6
_b
DEI
546
_a
ENGLISH
999
_c
28665
_d
28665